Welcome to WEB OPAC of MRSPTU Central Library

A First Course in the Finite Element Method (Record no. 6715)

MARC details
000 -LEADER
fixed length control field 00430nam a2200169Ia 4500
008 - FIXED-LENGTH DATA ELEMENTS--GENERAL INFORMATION
fixed length control field 230711s9999||||xx |||||||||||||| ||und||
020 ## - INTERNATIONAL STANDARD BOOK NUMBER
International Standard Book Number 978-81-315-1730-7
041 ## - LANGUAGE CODE
Language code of text/sound track or separate title ENG
082 ## - DEWEY DECIMAL CLASSIFICATION NUMBER
Classification number 620.001
Item number LO-F
100 ## - MAIN ENTRY--PERSONAL NAME
Personal name Logan,Daryl L
245 #2 - TITLE STATEMENT
Title A First Course in the Finite Element Method
250 ## - EDITION STATEMENT
Edition statement 5th Ed.
260 ## - PUBLICATION, DISTRIBUTION, ETC.
Date of publication, distribution, etc. 2016
Place of publication, distribution, etc. Delhi
Name of publisher, distributor, etc. Cengage Learning
300 ## - PHYSICAL DESCRIPTION
Extent 893p.
650 ## - SUBJECT ADDED ENTRY--TOPICAL TERM
Topical term or geographic name entry element Mechanical Engineering
942 ## - ADDED ENTRY ELEMENTS (KOHA)
Koha item type Book
Holdings
Withdrawn status Lost status Damaged status Not for loan Collection Home library Current library Date acquired Source of acquisition Cost, normal purchase price Inventory number Total checkouts Full call number Barcode Date last seen Price effective from Koha item type
          MRSPTU Central Library MRSPTU Central Library 09/06/2043 Krishna Book Distributors 725.00 KBD/2017-2018/1019643059   620.001 LO-F 39971 08/17/2023 08/17/2023 Book
          MRSPTU Central Library MRSPTU Central Library 09/06/2043 Krishna Book Distributors 725.00 KBD/2017-2018/1019643059   620.001 LO-F 39972 08/17/2023 08/17/2023 Book
          MRSPTU Central Library MRSPTU Central Library 09/06/2043 Krishna Book Distributors 725.00 KBD/2017-2018/1019643059   620.001 LO-F 39973 08/17/2023 08/17/2023 Book
          MRSPTU Central Library MRSPTU Central Library 09/06/2043 Krishna Book Distributors 725.00 KBD/2017-2018/1019643059   620.001 LO-F 39974 08/17/2023 08/17/2023 Book
          MRSPTU Central Library MRSPTU Central Library 09/06/2043 Krishna Book Distributors 725.00 KBD/2017-2018/1019643059   620.001 LO-F 39975 08/17/2023 08/17/2023 Book
          MRSPTU Central Library MRSPTU Central Library 09/06/2043 Krishna Book Distributors 725.00 KBD/2017-2018/1019643059   620.001 LO-F 39976 08/17/2023 08/17/2023 Book

Website Designed and Developed by MRSPTU Central Library Team

E-mail Id: librarian@mrsptu.ac.in